Sociological theory and modern society (Record no. 29154)

MARC details
000 -LEADER
fixed length control field 00286nam a2200109Ia 4500
082 ## - DEWEY DECIMAL CLASSIFICATION NUMBER
Classification number 301.19
Item number PAR
100 ## - MAIN ENTRY--AUTHOR NAME
Personal name Parsons, Talcott
245 #0 - TITLE STATEMENT
Title Sociological theory and modern society
260 ## - PUBLICATION, DISTRIBUTION, ETC. (IMPRINT)
Place of publication New York
Name of publisher Free Press
Year of publication 1967
942 ## - ADDED ENTRY ELEMENTS (KOHA)
Koha item type Books
Holdings
Withdrawn status Lost status Damaged status Not for loan Home library Current library Date acquired Cost, normal purchase price Full call number Accession Number Koha item type
        RRII Library RRII Library 16/12/2021 12.95 301.19 PAR 09744 Books